00988nam a2200217 a 450000100100000000500170001000800410002704000250006808200090009310000400010224000460014224501590018826000330034730000300038049000320041050000390044270000500048183000390053195201830057099900170075300003573420200930074553.0111109s1981 sp a 000 1 spa d aDO-SdBNPbspacBNPHU axxxx1 aDröscher, Vitus B.,d1925-96167210aEin Krokodil zum frühstücklEspañol13aUn cocodrilo para desayunar :bhistorias sorprendentes de la conducta animal /cVitus B. Droscher ; traducción del alemán por Joaquín Adsuar Ortega. aBarcelona :bPlaneta,c1981. a275 p. ; :bil. ;c24 cm.1 aAl filo del tiempo.aEnsayo aÍndice onomástico y de materia1 aAdsuar Ortega, Joaquín María,etr.950655 0aAl filo del tiempo.pEnsayo961673 0010507-18MOaGRbGRcOId2011-11-09iLF1l0oxxxx p35734-10r2020-06-25w2020-06-25y1zPerteneció a la biblioteca personal de Juan Isidro Jimenes -GrullónZNo se presta c35225d35225